000 01087nas a2200253 4500
001 BR8300356
003 BR-BrBNA
005 20231205085411.0
007 ta
008 230509b bl.|||p| |||| 00| 00por d
040 _aBR-BrBNA
_bpor
_cBiblioteca Nacional de Agricultura
041 _a(Es)
072 _aK20
100 1 _aLamprecht, H.
111 1 _aCongresso Nacional sobre Essencias Nativas
_cCampos do Jordao, SP (Brazil)
_d12 Sep 1982
245 1 _aNecesidades, problemas y posibilidades del manejo silvicultural en los bosques nativos de los tropicos humedos [desenvolvimento florestal, essencia florestal, tropico umido]
246 1 _a[Requirements, problems and possibilities of forest management in native woods of the humid tropics [forest development, forest species, humid tropic]]
650 _aDESENVOLVIMENTO FLORESTAL
650 _aESSENCIA FLORESTAL
650 _aTROPICO UMIDO
773 0 _tSilvicultura em Sao Paulo (Brazil)
_xISSN 0583-3132
_g(1982), v. 16-A(pt. 1) p. 90-108
_wBR8300356
909 _a202311
_bLúcia
_c55
_dLúcia Elande
942 _2AGRIS
_n0
_cANA
999 _c111214
_d111214